[Event "Quebec op"]
[Site "Longueuil"]
[Date "2019.07.21"]
[Round "2"]
[White "Huang, Qiuyu"]
[Black "Trahan, Daniel"]
[Result "1/2-1/2"]
[WhiteElo "2181"]
[BlackElo "1949"]
[PlyCount "77"]
[EventDate "2019.07.20"]
[EventType "swiss"]
[EventRounds "9"]
[EventCountry "CAN"]
[SourceTitle "CBM 191 Extra"]
[Source "ChessBase"]
[SourceDate "2019.09.30"]
[SourceVersion "1"]
[SourceVersionDate "2019.09.30"]
[SourceQuality "1"]

1. e4 c5 2. Nf3 Nc6 3. d4 cxd4 4. Nxd4 Nf6 5. Nc3 d6 6. Bg5 e6 7. Qd2 a6 8. 0-0-0 h6 9. Bf4 Bd7 10. Nxc6 Bxc6 11. f3 d5 12. Qe1 Bb4 13. a3 Bxc3 14. Qxc3 0-0 15. h4 Qe7 16. e5 Nd7 17. Qe3 Qc5 18. Rd4 f6 19. Bd3 Bb5 20. Bg6 Nxe5 21. Bxe5 fxe5 22. Qxe5 Rf6 23. h5 Be8 24. Rg4 Bxg6 25. Rxg6 Rc8 26. c3 Rcf8 27. Rxf6 Rxf6 28. Re1 b5 29. Kd2 Kh7 30. Qd4 Qc4 31. Re5 Kg8 32. Qxc4 bxc4 33. Ke3 Kf7 34. Kd4 Ke7 35. Kc5 Rf8 36. Re2 Rb8 37. a4 Kd7 38. Rf2 Rc8+ 39. Kd4 1/2-1/2

[Event "Quebec op"]
[Site "Quebec"]
[Date "2017.08.13"]
[Round "2"]
[White "Trahan, Daniel"]
[Black "Zhong, Kevin"]
[Result "1-0"]
[WhiteElo "1954"]
[BlackElo "1629"]
[PlyCount "81"]
[EventDate "2017.08.12"]
[EventType "swiss"]
[EventRounds "9"]
[EventCountry "CAN"]
[SourceTitle "CBM 180 Extra"]
[Source "ChessBase"]
[SourceDate "2017.10.06"]
[SourceVersion "1"]
[SourceVersionDate "2017.10.06"]
[SourceQuality "1"]

1. d4 d5 2. c4 e6 3. Nc3 c5 4. cxd5 cxd4 5. Qa4+ Bd7 6. Qxd4 exd5 7. Qxd5 Nc6 8. Nf3 Nf6 9. Qb3 Bc5 10. Bg5 Na5 11. Qc2 Qb6 12. e3 Nc6 13. a3 Qa5 14. Bc4 h6 15. Bxf6 gxf6 16. 0-0 Be7 17. Nd5 Rg8 18. b4 Qd8 19. Qh7 Rf8 20. Rfd1 Ne5 21. Nxe5 fxe5 22. Rac1 Rc8 23. Bb3 Rc6 24. Rxc6 bxc6 25. Nxe7 Qxe7 26. Qxh6 a5 27. bxa5 Qxa3 28. Qd6 Qxd6 29. Rxd6 Ke7 30. Rd1 Rb8 31. Bxf7 Bg4 32. f3 Bxf3 33. gxf3 Kxf7 34. a6 Ra8 35. Ra1 Ke6 36. Kf2 c5 37. Ke2 c4 38. Kd2 Kd5 39. Kc3 Kc5 40. a7 Kb5 41. h4 1-0

[Event "Laval op"]
[Site "Laval"]
[Date "2017.06.24"]
[Round "3"]
[White "Jacquet, Stephane"]
[Black "Trahan, Daniel"]
[Result "1-0"]
[WhiteElo "1996"]
[BlackElo "1958"]
[PlyCount "55"]
[EventDate "2017.06.23"]
[EventType "swiss"]
[EventRounds "5"]
[EventCountry "CAN"]
[SourceTitle "CBM 179 Extra"]
[Source "ChessBase"]
[SourceDate "2017.08.23"]
[SourceVersion "1"]
[SourceVersionDate "2017.08.23"]
[SourceQuality "1"]

1. d4 Nf6 2. c4 e6 3. Nf3 b6 4. e3 Bb7 5. Bd3 Ne4 6. 0-0 Be7 7. Nc3 f5 8. Qc2 Nxc3 9. bxc3 0-0 10. e4 g6 11. Bh6 Re8 12. d5 Bf8 13. Bf4 Na6 14. exf5 exf5 15. Rfe1 Bg7 16. Be5 Bxe5 17. Nxe5 Nc5 18. Bxf5 Qg5 19. Nxg6 hxg6 20. Bxg6 Re7 21. f4 Qf6 22. f5 Ba6 23. Qd2 Kg7 24. Rxe7+ Qxe7 25. Re1 Qf6 26. g4 Bxc4 27. g5 Qd6 28. Qd4+ 1-0

[Event "Quebec-ch op"]
[Site "Montreal"]
[Date "2016.07.25"]
[Round "4"]
[White "Johnson, Nicholas"]
[Black "Trahan, Daniel"]
[Result "0-1"]
[WhiteElo "1992"]
[BlackElo "1962"]
[PlyCount "92"]
[EventDate "2016.07.23"]
[EventType "swiss"]
[EventRounds "8"]
[EventCountry "CAN"]
[SourceTitle "CBM 173 Extra"]
[Source "ChessBase"]
[SourceDate "2016.08.29"]
[SourceVersion "1"]
[SourceVersionDate "2016.08.29"]
[SourceQuality "1"]

1. c4 b6 2. Nc3 Bb7 3. e4 e6 4. g3 f5 5. Bg2 Nf6 6. d3 Bb4 7. Nge2 0-0 8. 0-0 fxe4 9. dxe4 Nc6 10. h3 Rb8 11. Be3 Qe7 12. f4 Bc5 13. Qd2 d6 14. Kh2 Rbd8 15. Rad1 Rfe8 16. g4 d5 17. Bxc5 Qxc5 18. cxd5 exd5 19. e5 Ne4 20. Nxe4 dxe4 21. Qc3 Qb5 22. Ng3 Rd3 23. Rxd3 exd3 24. Rd1 Rd8 25. Be4 Qa4 26. Qb3+ Qxb3 27. axb3 d2 28. b4 Rd4 29. e6 Kf8 30. Kg2 g6 31. f5 Ke7 32. Kf2 Nd8 33. Bxb7 Nxb7 34. Ke3 Rxb4 35. Rxd2 Nc5 36. Kf3 Rb3+ 37. Kf4 Rxg3 38. Rh2 Rb3 39. Kg5 gxf5 40. gxf5 Ne4+ 41. Kh6 Nf6 42. Rg2 Rxh3+ 43. Kg7 Rg3+ 44. Rxg3 Nh5+ 45. Kxh7 Nxg3 46. Kg6 Ne4 0-1

[Event "Quebec-ch op"]
[Site "Montreal"]
[Date "2016.07.24"]
[Round "2"]
[White "Lesiege, Alexandre"]
[Black "Trahan, Daniel"]
[Result "1-0"]
[WhiteElo "2497"]
[BlackElo "1962"]
[PlyCount "69"]
[EventDate "2016.07.23"]
[EventType "swiss"]
[EventRounds "8"]
[EventCountry "CAN"]
[SourceTitle "CBM 173 Extra"]
[Source "ChessBase"]
[SourceDate "2016.08.29"]
[SourceVersion "1"]
[SourceVersionDate "2016.08.29"]
[SourceQuality "1"]

1. Nf3 Nf6 2. c4 c5 3. g3 Nc6 4. d4 cxd4 5. Nxd4 Qb6 6. Nb3 Ne5 7. c5 Qc6 8. Rg1 d5 9. cxd6 exd6 10. Bg2 Qa6 11. Nc3 Be7 12. h3 0-0 13. g4 Re8 14. g5 Nfd7 15. f4 Nc4 16. Qd3 Rb8 17. Kf2 Bd8 18. Nd5 b5 19. Rd1 Bb7 20. e4 Rc8 21. Kg3 Nc5 22. Nxc5 Rxc5 23. b3 Bxd5 24. exd5 Nb6 25. Bb2 Rc7 26. Re1 Rxe1 27. Rxe1 Re7 28. Qd4 f6 29. Rxe7 Bxe7 30. Qe4 Qb7 31. Qe6+ Kf8 32. gxf6 gxf6 33. Be4 Qd7 34. Bxh7 Qxe6 35. dxe6 1-0

[Event "Quebec-ch op"]
[Site "Montreal"]
[Date "2016.07.24"]
[Round "3"]
[White "Trahan, Daniel"]
[Black "Luksza, Arkadiusz"]
[Result "0-1"]
[WhiteElo "1962"]
[BlackElo "2129"]
[PlyCount "72"]
[EventDate "2016.07.23"]
[EventType "swiss"]
[EventRounds "8"]
[EventCountry "CAN"]
[SourceTitle "CBM 173 Extra"]
[Source "ChessBase"]
[SourceDate "2016.08.29"]
[SourceVersion "1"]
[SourceVersionDate "2016.08.29"]
[SourceQuality "1"]

1. d4 d5 2. c4 e6 3. Nc3 Nf6 4. cxd5 exd5 5. Bg5 Be7 6. e3 c6 7. Bd3 h6 8. Bf4 Nbd7 9. h3 0-0 10. Nf3 Re8 11. 0-0 Nf8 12. Qc2 Bd6 13. Bxd6 Qxd6 14. Rab1 Ne6 15. Ne5 Ng5 16. f3 Bd7 17. b4 Re7 18. Rfe1 Rae8 19. f4 Nge4 20. Nxe4 Nxe4 21. Bxe4 dxe4 22. Qxe4 Be6 23. Rb2 Bd5 24. Qd3 f6 25. Ng6 Re4 26. Kf2 Qe6 27. Qd2 Qf5 28. Nh4 Qh5 29. Nf3 R4e7 30. Ng1 Qg6 31. Nf3 Qh5 32. Ng1 g5 33. Rbb1 g4 34. hxg4 Qxg4 35. Kf1 Bc4+ 36. Kf2 Rg7 0-1

[Event "Laval op"]
[Site "Laval"]
[Date "2016.06.26"]
[Round "7.5"]
[White "Turcotte, Jonathan"]
[Black "Trahan, Daniel"]
[Result "1-0"]
[WhiteElo "1975"]
[BlackElo "1962"]
[PlyCount "82"]
[EventDate "2016.06.23"]
[EventType "swiss"]
[EventRounds "7"]
[EventCountry "CAN"]
[SourceTitle "EXT 2022"]
[Source "ChessBase"]
[SourceDate "2021.10.06"]
[SourceVersion "1"]
[SourceVersionDate "2021.10.06"]
[SourceQuality "1"]

1. d4 Nf6 2. c4 e6 3. Nf3 b6 4. g3 Ba6 5. b3 Bb4+ 6. Bd2 Be7 7. Bg2 c6 8. Ne5 d5 9. Bc3 0-0 10. Nd2 Nfd7 11. Nxd7 Nxd7 12. 0-0 Rc8 13. e4 dxe4 14. Nxe4 c5 15. dxc5 Nxc5 16. Qg4 g6 17. Rad1 Nd7 18. Nd6 Rc7 19. Qf4 Bg5 20. Qf3 Bf6 21. Ne4 Bxc3 22. Qxc3 f6 23. Nd6 Qe7 24. Rfe1 Ne5 25. f4 Nf7 26. Ne4 Nd8 27. Nd6 Nf7 28. Nxf7 Rxf7 29. Qe3 Bc8 30. Bh3 Rc6 31. Rd4 Rf8 32. Bg2 Rd6 33. Red1 Rfd8 34. Rxd6 Rxd6 35. Re1 Bb7 36. Bh3 Kf7 37. f5 Kg7 38. fxe6 Bc8 39. c5 Rc6 40. cxb6 Rxb6 41. a3 f5 1-0

[Event "Laval op"]
[Site "Laval"]
[Date "2016.06.25"]
[Round "4.5"]
[White "Lopez Linares, Lizandro Fernando"]
[Black "Trahan, Daniel"]
[Result "1-0"]
[WhiteElo "1984"]
[BlackElo "1962"]
[PlyCount "51"]
[EventDate "2016.06.23"]
[EventType "swiss"]
[EventRounds "7"]
[EventCountry "CAN"]
[SourceTitle "EXT 2022"]
[Source "ChessBase"]
[SourceDate "2021.10.06"]
[SourceVersion "1"]
[SourceVersionDate "2021.10.06"]
[SourceQuality "1"]

1. d4 Nf6 2. Nf3 e6 3. Bg5 c5 4. e3 Qb6 5. Nbd2 d5 6. Bxf6 gxf6 7. dxc5 Qxb2 8. c4 Bxc5 9. cxd5 exd5 10. Bd3 Nc6 11. 0-0 Bg4 12. Rb1 Qxa2 13. Rxb7 0-0 14. Bb1 Qa3 15. Qc2 f5 16. Rb5 Bb4 17. Qxc6 Bxd2 18. Nxd2 Be2 19. Rb3 Qa5 20. Qc2 Bxf1 21. Qxf5 Kg7 22. Qxh7+ Kf6 23. Qh6+ Ke7 24. Rb7+ Ke8 25. Qc6+ Kd8 26. Qd7# 1-0

[Event "Montreal McGill Cup"]
[Site "Montreal"]
[Date "2016.04.30"]
[Round "3"]
[White "Saha, Ananda"]
[Black "Trahan, Daniel"]
[Result "1/2-1/2"]
[WhiteElo "1845"]
[BlackElo "2012"]
[PlyCount "150"]
[EventDate "2016.04.29"]
[EventType "swiss"]
[EventRounds "5"]
[EventCountry "CAN"]
[SourceTitle "CBM 172 Extra"]
[Source "ChessBase"]
[SourceDate "2016.06.21"]
[SourceVersion "1"]
[SourceVersionDate "2016.06.21"]
[SourceQuality "1"]

1. d4 Nf6 2. c4 e6 3. Nf3 b6 4. g3 Ba6 5. e3 c6 6. Nbd2 d5 7. cxd5 Bxf1 8. Kxf1 cxd5 9. b4 Bd6 10. b5 0-0 11. a4 a6 12. bxa6 Qc8 13. Ba3 Qxa6+ 14. Kg2 Bxa3 15. Rxa3 b5 16. Qe2 bxa4 17. Qxa6 Rxa6 18. Rha1 Nbd7 19. Rxa4 Rxa4 20. Rxa4 h5 21. Ra7 Nb6 22. Ne5 Nc8 23. Ra6 Ng4 24. Nxg4 hxg4 25. Nb3 Ne7 26. Nc5 Nf5 27. Nxe6 fxe6 28. Rxe6 Rd8 29. Rg6 Nh6 30. Ra6 Kf7 31. Rb6 Nf5 32. Rb7+ Kf6 33. Rb6+ Rd6 34. Rb8 Rc6 35. Rf8+ Ke6 36. Re8+ Ne7 37. Ra8 Rc2 38. Ra6+ Kd7 39. Ra7+ Kd6 40. Ra6+ Rc6 41. Ra8 Nf5 42. Re8 Rc2 43. Kg1 Rc7 44. Rf8 Nh6 45. Rd8+ Rd7 46. Ra8 Ke7 47. Ra6 Rd6 48. Ra7+ Kf6 49. Kg2 Nf7 50. h3 gxh3+ 51. Kxh3 Ng5+ 52. Kg2 Ne4 53. Ra2 g5 54. g4 Rc6 55. Rb2 Nd6 56. Ra2 Rb6 57. Ra5 Nb5 58. Ra8 Nc3 59. Rf8+ Kg7 60. Rc8 Ne4 61. Rc2 Nf6 62. f3 Re6 63. Kf2 Kg6 64. Ra2 Ne8 65. Ra5 Nf6 66. Ra2 Nd7 67. Ra7 Rd6 68. Ra8 Nb6 69. Ra3 Nc4 70. Rc3 Nb6 71. Ra3 Nd7 72. Ra8 Nb6 73. Ra3 Re6 74. Rc3 Kf6 75. Ra3 Nc4 1/2-1/2

[Event "Montreal McGill Cup"]
[Site "Montreal"]
[Date "2016.04.30"]
[Round "2"]
[White "Trahan, Daniel"]
[Black "Marin, Sam"]
[Result "0-1"]
[WhiteElo "2012"]
[BlackElo "1885"]
[PlyCount "82"]
[EventDate "2016.04.29"]
[EventType "swiss"]
[EventRounds "5"]
[EventCountry "CAN"]
[SourceTitle "CBM 172 Extra"]
[Source "ChessBase"]
[SourceDate "2016.06.21"]
[SourceVersion "1"]
[SourceVersionDate "2016.06.21"]
[SourceQuality "1"]

1. d4 Nf6 2. c4 e6 3. Nc3 Bb4 4. Qc2 d5 5. a3 Bxc3+ 6. Qxc3 0-0 7. Bg5 Nbd7 8. e3 c6 9. Bd3 Ne4 10. Bxd8 Nxc3 11. Bh4 Ne4 12. f3 Nef6 13. Ne2 dxc4 14. Bxc4 Nd5 15. Bf2 b6 16. 0-0 Bb7 17. e4 N5f6 18. Rfd1 Rfd8 19. Rd2 Nf8 20. Rad1 Rd7 21. Be3 h6 22. g4 Rad8 23. b4 c5 24. Bb5 cxd4 25. Bxd4 Rc7 26. h4 Ng6 27. Bf2 Rxd2 28. Rxd2 Rc8 29. Bg3 a6 30. Ba4 b5 31. Bb3 Nf8 32. Kf2 Bxe4 33. g5 Bd5 34. gxf6 Bxb3 35. fxg7 Kxg7 36. Nd4 Bd5 37. Nf5+ exf5 38. Rxd5 Rc2+ 39. Ke3 Rc3+ 40. Kf4 Ng6+ 41. Kxf5 Ne7+ 0-1

[Event "Francophone-ch 3rd"]
[Site "Montreal"]
[Date "2015.07.23"]
[Round "7"]
[White "Trahan, Daniel"]
[Black "Gauthier, Denis"]
[Result "1-0"]
[WhiteElo "2037"]
[BlackElo "1836"]
[PlyCount "67"]
[EventDate "2015.07.17"]
[EventType "swiss"]
[EventRounds "9"]
[EventCountry "CAN"]
[SourceTitle "EXT 2016"]
[Source "ChessBase"]
[SourceDate "2015.10.08"]
[SourceVersion "1"]
[SourceVersionDate "2015.10.08"]
[SourceQuality "1"]

1. d4 Nf6 2. c4 e6 3. Nc3 Bb4 4. Qc2 0-0 5. a3 Bxc3+ 6. Qxc3 b5 7. cxb5 c6 8. Bg5 Bb7 9. e3 cxb5 10. Nf3 Nc6 11. Bxb5 Rc8 12. Be2 Na5 13. Qb4 Rb8 14. Bxf6 gxf6 15. Qc3 Rc8 16. Qd3 Nc4 17. b4 f5 18. Rc1 Ne5 19. Qd2 Nxf3+ 20. Bxf3 Rxc1+ 21. Qxc1 Bxf3 22. gxf3 Qg5 23. Ke2 Kh8 24. Rg1 Qh4 25. Qc7 Qe7 26. Qxa7 Rc8 27. Qa6 Qf8 28. Qd3 Qd6 29. Rb1 Qd5 30. Qb3 Qb5+ 31. Kd2 Qc6 32. d5 exd5 33. Qb2+ d4 34. Rc1 1-0

[Event "Canadian op U2400"]
[Site "Montreal"]
[Date "2014.07.20"]
[Round "3"]
[White "Trahan, Daniel"]
[Black "Shi, Diwen"]
[Result "1-0"]
[WhiteElo "2078"]
[BlackElo "1934"]
[PlyCount "121"]
[EventDate "2014.07.19"]
[EventType "swiss"]
[EventRounds "9"]
[EventCountry "CAN"]
[SourceTitle "EXT 2022"]
[Source "ChessBase"]
[SourceDate "2021.10.06"]
[SourceVersion "1"]
[SourceVersionDate "2021.10.06"]
[SourceQuality "1"]

1. d4 Nf6 2. c4 Nc6 3. Nf3 e6 4. Nc3 Bb4 5. Qc2 d6 6. Bg5 h6 7. Bd2 e5 8. d5 Bxc3 9. Bxc3 Ne7 10. e4 Ng6 11. g3 0-0 12. Bg2 Nh7 13. 0-0 f5 14. c5 f4 15. cxd6 cxd6 16. Rac1 Bg4 17. h3 Bxf3 18. Bxf3 Qg5 19. Kh2 Rac8 20. Qe2 Nf6 21. Bd2 h5 22. Rc3 Rxc3 23. bxc3 Rc8 24. Rg1 Qh6 25. h4 Rc7 26. c4 b6 27. Rc1 Kf7 28. Kg2 Ke7 29. a4 Nd7 30. Rb1 Ngf8 31. Bxh5 Rxc4 32. Qxc4 Qxh5 33. Bb4 f3+ 34. Kf1 Qg4 35. Ke1 Qh3 36. Kd2 Qg2 37. Qf1 Qh2 38. Ke3 a5 39. Ba3 Ng6 40. Qh1 Qxh1 41. Rxh1 Nc5 42. Bxc5 bxc5 43. Rb1 Nf8 44. Rb5 Nd7 45. Rxa5 Nb6 46. Ra7+ Kf6 47. Kxf3 c4 48. Ra6 Nc8 49. Rc6 Na7 50. Rxc4 Kg6 51. Rc7 Kh5 52. Rxa7 g5 53. hxg5 Kg6 54. Rd7 Kh5 55. a5 Kg6 56. a6 Kh5 57. a7 Kg6 58. a8Q Kh5 59. Qh8+ Kxg5 60. Qg8+ Kh5 61. Rh7# 1-0

[Event "Montreal op"]
[Site "Montreal"]
[Date "2013.09.08"]
[Round "5"]
[White "Trahan, Daniel"]
[Black "Corriveau, Philippe"]
[Result "1-0"]
[WhiteElo "2115"]
[BlackElo "2048"]
[PlyCount "49"]
[EventDate "2013.09.06"]
[EventType "swiss"]
[EventRounds "5"]
[EventCountry "CAN"]
[SourceTitle "EXT 2022"]
[Source "ChessBase"]
[SourceDate "2021.10.06"]
[SourceVersion "1"]
[SourceVersionDate "2021.10.06"]
[SourceQuality "1"]

1. d4 Nf6 2. c4 g6 3. Nc3 Bg7 4. e4 d6 5. Nf3 0-0 6. Be2 Nbd7 7. 0-0 e5 8. Re1 c6 9. Bf1 Re8 10. d5 c5 11. a3 Nf8 12. Rb1 Ng4 13. h3 Nh6 14. b4 b6 15. bxc5 bxc5 16. Qa4 Qe7 17. Qc6 Bd7 18. Qa6 Bc8 19. Qa5 f6 20. Nb5 Rb8 21. Bxh6 Bxh6 22. Qxa7 Rb7 23. Qa6 Rd7 24. Qb6 Bb7 25. Nxd6 1-0

[Event "Quebec op U2300"]
[Site "Montreal"]
[Date "2007.??.??"]
[Round "2"]
[White "Brodie, Hugh"]
[Black "Trahan, Daniel"]
[Result "1/2-1/2"]
[WhiteElo "1815"]
[BlackElo "2105"]
[PlyCount "103"]
[EventDate "2007.07.20"]
[EventType "swiss"]
[EventRounds "9"]
[EventCountry "CAN"]
[SourceTitle "EXT 2010"]
[Source "ChessBase"]
[SourceDate "2010.11.25"]
[SourceVersion "1"]
[SourceVersionDate "2010.11.25"]
[SourceQuality "1"]

1. e4 c5 2. Nf3 d6 3. c3 Nf6 4. Bd3 Nc6 5. Bc2 Bg4 6. d4 Qa5 7. d5 Ne5 8. Nbd2 g6 9. h3 Bxf3 10. Nxf3 Nxf3+ 11. Qxf3 Bg7 12. 0-0 0-0 13. Bf4 Nd7 14. Qe3 Ne5 15. Bb3 Qb5 16. Bxe5 Bxe5 17. c4 Qb4 18. Rab1 b5 19. Qe1 Qxe1 20. Rfxe1 Rab8 21. Re2 bxc4 22. Bxc4 Rb4 23. b3 Rfb8 24. Rf1 a5 25. f4 Bd4+ 26. Kh2 f6 27. Rd1 a4 28. Rc2 axb3 29. axb3 Ra8 30. Re1 Ra3 31. Ree2 Rb7 32. Ra2 Rba7 33. Rxa3 Rxa3 34. g3 Kf7 35. Rc2 Ke8 36. h4 Kd8 37. Kg2 Kc7 38. Kf3 Kb6 39. h5 g5 40. Kg4 gxf4 41. gxf4 Ra1 42. Rh2 Rg1+ 43. Kf5 Kc7 44. Ke6 Rg4 45. Kf5 Rg3 46. Ra2 Rh3 47. Kg4 Re3 48. Ra7+ Kd8 49. Ra8+ Kc7 50. Ra7+ Kd8 51. Ra8+ Kc7 52. Ra7+ 1/2-1/2

[Event "Quebec-ch qual"]
[Site "Montreal"]
[Date "2005.07.21"]
[Round "5"]
[White "Trahan, Daniel"]
[Black "Haukenfrers, Dale"]
[Result "1-0"]
[WhiteElo "1999"]
[BlackElo "2150"]
[PlyCount "57"]
[EventDate "2005.07.17"]
[EventType "swiss"]
[EventRounds "9"]
[EventCountry "CAN"]
[SourceTitle "EXT 2009"]
[Source "ChessBase"]
[SourceDate "2008.11.26"]
[SourceVersion "1"]
[SourceVersionDate "2008.11.26"]
[SourceQuality "1"]

1. Nf3 d6 2. d4 c6 3. e4 Nf6 4. Nc3 Bg4 5. Be2 e6 6. Bg5 Qa5 7. Qd2 d5 8. exd5 cxd5 9. Bb5+ Nfd7 10. Ne5 Bf5 11. g4 Bg6 12. Nxg6 fxg6 13. Qe2 Kf7 14. 0-0 Qb6 15. Rfe1 Bb4 16. Nxd5 exd5 17. c3 Nf6 18. cxb4 h5 19. Qe7+ Kg8 20. Bxf6 Qxf6 21. Qxb7 Qxd4 22. Re8+ Kh7 23. Rxh8+ Kxh8 24. Qxa8 Qxg4+ 25. Kf1 Qh3+ 26. Ke1 Qxh2 27. Qxd5 Qg1+ 28. Bf1 Qg5 29. Qxg5 1-0